000 00897cam a22002534a 4500
001 1585
005 20231204105532.0
020 _a9780531147719
040 _aDLC
_cDLC
_dDLC
_beng
050 0 0 _aBF724.3.A55
_bD53 2006
082 0 0 _a152.47
_222
100 1 _aDiConsiglio, John
245 1 0 _aOut of control :
_bhow to handle anger-yours and everyone else's /
_cJohn DiConsiglio.
260 _aNew York :
_bScholastic,
_c2008
300 _a112 pages :
_bcolors illustrations ;
_c22 cm
490 0 _aChoices
505 0 _aW
520 _aOffers teens practical advice on how they can control their anger, understand the dangers of giving in to anger, and learn new ways to deal with their stress and frustration.
521 _a870
_bLexile
521 _aW
_bRaz-Plus
650 0 _aAnger in adolescence.
906 _a7
_bcbc
_corignew
_d1
_eecip
_f20
_gy-gencatlg
942 _2ddc
_cBK
_n0
999 _c1585
_d1585